00418nam a2200157Ia 450000500170000000800410001702000180005808200130007610000150008910000140010424500810011826000240019930000120022365000110023565000140024620240607001846.0240331s9999 xx 000 0 und d a9789555801164 a362bSHA aShaheed, F aHussain,F 0aInterrogating the norms :bwomen challengin violence in an adversarial state aColombobICESc2007 a148 p., aWomen  aViolence